000 004340000a22001810004500
001 1292
003 CO-MdFUSB
005 20170615141429.0
008 170615b xxu||||| |||| 00| 0 eng d
020 _a84-414-1255-3
040 _cCO-MdBIC
082 0 4 _a863C M582pi
100 1 _aMantegazza, Giovanna
245 1 0 _aPiel de Asno / Giovanna Mantegazza
260 _aMadrid : Edaf, S.A.
300 _a10 P. / 23 cm.
942 _cLGB
999 _c48463
_d48463